Music Quiz

Random Music or Song Quiz

Elvis Costello guess the lyrics Quiz Stats

 Plays Quiz not verified by Sporcle

Score 0/179 Timer 10:00
0 Plays Today
Lyric % Correct
a
96.9%
the
96.9%
and
96.9%
and
96.9%
and
96.9%
and
96.9%
and
96.9%
And
96.9%
the
96.9%
and
96.9%
the
96.9%
and
96.9%
the
96.9%
and
96.9%
and
96.9%
the
96.9%
and
96.9%
the
96.9%
and
96.9%
and
96.9%
and
96.9%
and
96.9%
the
96.9%
I
96.4%
I
96.4%
I
96.4%
I
96.4%
I
96.4%
I
96.4%
I
96.4%
love
78.1%
love
78.1%
love
78.1%
love
78.1%
love
78.1%
love
78.1%
love
78.1%
so
77%
so
77%
so
77%
so
77%
so
77%
so
77%
So
77%
so
77%
so
77%
so
77%
in
74.8%
is
73.7%
is
73.7%
is
73.7%
is
73.7%
on
73%
me
72.8%
me
72.8%
it
70.8%
it
70.8%
my
69.9%
this
68.8%
this
68.8%
Lyric % Correct
As
65.4%
as
65.4%
for
65%
of
64.5%
time
63.9%
time
63.9%
time
63.9%
ohhhh
63.9%
ohhhh
63.9%
ohhhh
63.9%
Ohhh
63.9%
What's
63.8%
funny
63.8%
peace
63.8%
What's
63.8%
funny
63.8%
peace
63.8%
What's
63.8%
funny
63.8%
peace
63.8%
What's
63.8%
funny
63.8%
peace
63.8%
What's
63.8%
funny
63.8%
peace
63.8%
What's
63.8%
funny
63.8%
peace
63.8%
What's
63.8%
funny
63.8%
peace
63.8%
understanding
63.6%
understanding
63.6%
understanding
63.6%
understanding
63.6%
understanding
63.6%
understanding
63.6%
understanding
63.6%
there
62.7%
bout
62.3%
bout
62.3%
bout
62.3%
bout
62.3%
bout
62.3%
bout
62.3%
bout
62.3%
walk
62.1%
walk
62.1%
world
62%
where
62%
where
62%
where
62%
where
62%
know
61.6%
all
60.1%
just
60%
just
60%
who
59.6%
who
59.6%
Lyric % Correct
are
59.1%
are
59.1%
are
59.1%
are
59.1%
through
58.9%
through
58.9%
one
57.2%
like
55.6%
feel
55.1%
feel
55.1%
feel
55.1%
wanna
54.9%
wanna
54.9%
wanna
54.9%
each
52.9%
each
52.9%
each
52.9%
wicked
51.3%
only
50.9%
ask
50.4%
thing
50.4%
myself
49.8%
searchin'
49.5%
cry
49.3%
cry
49.3%
light
48.9%
makes
48.6%
makes
48.6%
darkness
48.4%
lost
48%
sweet
47.8%
sweet
47.8%
hope
47.5%
pain
47.5%
harmony
47.5%
harmony
47.5%
harmony
47.5%
harmony
47.5%
there's
47.3%
away
46.9%
away
46.9%
times
46.4%
insanity
46%
misery
45.3%
troubled
45.3%
trusted
45.1%
trusted
45.1%
sometimes
43.5%
slippin
43.5%
slippin
43.5%
inside
42.8%
hatred
41.5%
gets
41.5%
downhearted
41.5%
spirit
38.4%
strong
34.6%
strong
34.6%
cause
31.2%
cause
31.2%

You're not logged in!

Compare scores with friends on all Sporcle quizzes.
OR
Log In

Show Comments

Extras

Top Quizzes Today


Score Distribution

Your Account Isn't Verified!

In order to create a playlist on Sporcle, you need to verify the email address you used during registration. Go to your Sporcle Settings to finish the process.

Report this User

Report this user for behavior that violates our Community Guidelines.

Details: